Statistiques concernant Capitales les plus proches de Madrid

Cliquez ici pour prendre le quiz!

Statistiques générales

  • Ce quiz a été pris 12 382 fois
  • Le résultat moyen est 16 sur 20

Réponses sur la Carte

Les réponses sont colorées sur une échelle allant du rouge au vert en fonction du pourcentage des utilisateurs qui les ont devinées à leur premier essai. Vous pouvez retrouver ces pourcentages ci-dessous.
Chargement ...
 

Statistiques - réponses

kmcapital% Correct
1053Paris
100%
503Lisbonne
99%
1363Rome
97%
1265Londres
95%
1319Bruxelles
89%
1453Dublin
86%
719Alger
85%
1153Berne
85%
1483Amsterdam
81%
1281Luxembourg
81%
771Rabat
81%
494Andorre-la-Vieille
80%
991Monaco
79%
1271Tunis
75%
1362Vatican
66%
1385Saint-Marin
62%
1668La Valette
56%
1702Zagreb
56%
1297Vaduz
52%
1600Ljubljana
48%

Distribution des résultats

Percentile par nombre de réponses

% des personnes avec chaque résultat

Votre développement - résultats

Vous n’avez pas pris ce quiz